| 000 | 00511nam a2200169 4500 | ||
|---|---|---|---|
| 001 | 144691 | ||
| 003 | ES-MaACL | ||
| 005 | 20230906201057.0 | ||
| 007 | t| | ||
| 008 | 070214s1962 sp r ||||1| spa d | ||
| 100 | 1 |
_aSnozzi, Ermenegildo G. _9106972 |
|
| 245 | 1 | 0 |
_aInterpretación de balances / _cE. G. Snozzi ; [traducción de José Vila Selma]. |
| 260 |
_aMadrid : _bRialp, _c1962 ( _fHalar) |
||
| 300 |
_a352 p. ; _c24 cm. |
||
| 700 | 1 |
_aVila Selma, José. _9114738 |
|
| 852 |
_aES-MaACL _jC-21250 _bR.49640 |
||
| 999 |
_c144691 _d144691 |
||